000 01546nas0a22002531i 4500
001 v19\rc\1227223
005 20260406205353.0
035 _a(NLR Aleph) 004388435
090 _a3720222
_c3720222
100 _a20060306d18791914|||y0rusy50 ca
101 0 _arus
102 _aRU
105 _ay z |||||
200 1 _aПротоколы заседаний Общества психиатров в С.-Петербурге
210 _aСанкт-Петербург
_d1879-1914
311 _aЗа 1912 и 1914 г. и часть тиража за 1906-1907 г. - приложение к журн. "Обозрение психиатрии, неврологии и экспериментальной психологии... Шифр П17/120
422 0 _12001#$aОбозрение психиатрии, неврологии и экспериментальной психологии
_tОбозрение психиатрии, неврологии и экспериментальной психологии
532 1 2 _aПротоколы заседаний Общества психиатров в Санкт-Петербурге
710 0 2 _aПетербургское о-во психиатров
_3RU\NLR\AUTH\889965955
_9428204
801 0 _aRU
_bNLR
_gpsbo
801 1 _aRU
_bProSoft-M
_2rusmarc
830 _aПеречень имеющихся в библиотеке томов, номеров, годов этого издания смотри в каталоге периодических изданий
852 _aNLR
_j2/1245
942 _cSE